Movies Quiz

Random Movies or Year Quiz
Score 0/25 Timer 08:00
1 Play Today
% Correct
Titanic
94.3%
Lincoln
93.8%
The Green Mile
89.7%
Million Dollar Baby
88.6%
A Star is Born
87.6%
The Social Network
86.2%
Fargo
84.5%
Dallas Buyers Club
82.9%
Once Upon a Time in Hollywood
82.3%
Walk the Line
82.3%
A Beautiful Mind
82.1%
The Pursuit of Happyness
78.1%
Gran Torino
71.3%
% Correct
Precious
69.2%
The Imitation Game
67.5%
Drive
63.6%
Room
63.3%
Lady Bird
60.8%
Manchester by the Sea
55.8%
Road to Perdition
54.4%
Into the Wild
50.8%
Heat
49%
Big Fish
41.3%
Deep Impact
40.7%
Requiem for a Dream
36.8%
Remove Ads.
Support Sporcle.
Get the best of Sporcle when you Go Orange. This ad-free experience offers more features, more stats, and more fun while also helping to support Sporcle. Thank you for becoming a member.

You're not logged in!

Compare scores with friends on all Sporcle quizzes.
OR
Log In

Show Comments

Extras

Top Quizzes Today


Score Distribution

Your Account Isn't Verified!

In order to create a playlist on Sporcle, you need to verify the email address you used during registration. Go to your Sporcle Settings to finish the process.

Report this User

Report this user for behavior that violates our Community Guidelines.

Details: